[Event "IECC CL5-2011.12 email"]
[Site "IECC email"]
[Date "2011.08.03"]
[Round "?"]
[White "Hargreaves, John Richard"]
[Black "Erilli, Alp"]
[Result "1/2-1/2"]
[WhiteElo "1567"]
[BlackElo "1561"]
[PlyCount "76"]
[EventDate "2011.??.??"]
[EventType "tourn (corr)"]
[EventRounds "4"]
[SourceTitle "Telechess CBM 149"]
[Source "ChessBase"]
[SourceDate "2012.07.17"]
[SourceVersion "1"]
[SourceVersionDate "2012.07.17"]
[SourceQuality "1"]
[WhiteTeam "England"]
[BlackTeam "Turkey"]
[WhiteTeamCountry "ENG"]
[BlackTeamCountry "TUR"]

1. e4 e6 2. d4 d5 3. e5 c5 4. c3 Nc6 5. Nf3 Qb6 6. Qc2 cxd4 7. Bd3 Nge7 8. Nxd4 Nxe5 9. Be2 N7c6 10. Nxc6 Qxc6 11. a4 Bd7 12. 0-0 Bd6 13. Be3 Nc4 14. Bd2 Rc8 15. Bc1 Qc7 16. h3 Qb6 17. b3 Na5 18. Nd2 Be5 19. Bb2 0-0 20. Rac1 Bf4 21. b4 Nc6 22. Qd1 Ne7 23. a5 Qd6 24. Ra1 e5 25. Ne4 Qg6 26. Ng3 Bxg3 27. fxg3 Qxg3 28. Rf3 Qg5 29. Bc1 Qg6 30. Ra3 f5 31. c4 d4 32. c5 f4 33. Qe1 Bc6 34. Rf2 e4 35. Rxf4 Rxf4 36. Bxf4 e3 37. Bg3 Rf8 38. Bc4+ Bd5 1/2-1/2

[Event "IECC CL5-2011.04 email"]
[Site "IECC email"]
[Date "2011.03.08"]
[Round "?"]
[White "Erilli, Alp"]
[Black "Hargreaves, John Richard"]
[Result "1-0"]
[WhiteElo "1571"]
[BlackElo "1566"]
[PlyCount "81"]
[EventDate "2011.??.??"]
[EventType "tourn (corr)"]
[EventRounds "4"]
[SourceTitle "Telechess CBM 145"]
[Source "Chessbase"]
[SourceDate "2011.11.11"]
[SourceVersion "1"]
[SourceVersionDate "2011.11.11"]
[SourceQuality "1"]
[WhiteTeam "Turkey"]
[BlackTeam "England"]
[WhiteTeamCountry "TUR"]
[BlackTeamCountry "ENG"]

1. e4 e5 2. Nf3 Nf6 3. d4 Nxe4 4. dxe5 d5 5. Bd3 Be7 6. 0-0 0-0 7. Nc3 Nxc3 8. bxc3 Nc6 9. Rb1 Na5 10. Qd2 c5 11. Rd1 Qc7 12. Qf4 Re8 13. Qg3 Nc4 14. Bf4 Qc6 15. Bg5 Bxg5 16. Nxg5 h6 17. Ne4 Rf8 18. Bxc4 dxc4 19. Nf6+ Kh8 20. Rd6 Qc7 21. Qf3 Qe7 22. Qh5 Be6 23. Rbd1 Rad8 24. f4 Rxd6 25. Rxd6 Rd8 26. Ne4 Qf8 27. f5 Bd5 28. Qd1 Rxd6 29. Nxd6 Bc6 30. Nxc4 Kg8 31. Qd6 Qxd6 32. Nxd6 Kf8 33. f6 g5 34. c4 h5 35. Kf2 a6 36. a3 b6 37. Nc8 b5 38. cxb5 axb5 39. c3 h4 40. g3 h3 41. Ke3 1-0

[Event "IECC CL5-2010.15 email"]
[Site "IECC email"]
[Date "2010.10.16"]
[Round "?"]
[White "D'Aragona, Vittoria"]
[Black "Erilli, Alp"]
[Result "1/2-1/2"]
[WhiteElo "1503"]
[BlackElo "1542"]
[PlyCount "64"]
[EventDate "2010.??.??"]
[EventType "tourn (corr)"]
[EventRounds "4"]
[SourceTitle "Telechess CBM 149"]
[Source "ChessBase"]
[SourceDate "2012.07.17"]
[SourceVersion "1"]
[SourceVersionDate "2012.07.17"]
[SourceQuality "1"]
[WhiteTeam "Italy"]
[BlackTeam "Turkey"]
[WhiteTeamCountry "ITA"]
[BlackTeamCountry "TUR"]

1. e4 e5 2. Nf3 Nc6 3. d4 exd4 4. Bc4 Nf6 5. 0-0 Bc5 6. e5 d5 7. exf6 dxc4 8. fxg7 Rg8 9. Re1+ Be7 10. Bg5 Be6 11. Bxe7 Kxe7 12. Re4 f5 13. Rh4 Kf7 14. Rxh7 Rxg7 15. Rxg7+ Kxg7 16. Qd2 Qf6 17. Qf4 Re8 18. Qxc7+ Re7 19. Qg3+ Kh8 20. Qd6 Kg7 21. Nbd2 c3 22. bxc3 dxc3 23. Nb3 Bxb3 24. Qg3+ Qg6 25. axb3 Qxg3 26. hxg3 Re2 27. Rc1 Nb4 28. Nd4 Re5 29. Kf1 Rd5 30. Nf3 a5 31. Ke1 Kf6 32. Kf1 b5 1/2-1/2